000 00326cam a22001217a 4500
008 180718b1955 xxu||||| |||| 00| 0 eng d
082 _aP J132
100 _aJack, M.L.
245 _aEducation of good men
_cby M.L. Jack
260 _aLondon
_bVictor Gollancz
_c1955
300 _a192p
650 _aEducation --Aims and objectives
999 _c430156
_d430156